000
00331 a2200145 4500
001
156336
040
_c
Escola São Tomás de Aquino
100
_a
MACHADO, Ana Maria
240
1
0
_a
O jogo do vira- vira
_l
por
245
1
0
_a
O jogo do vira- vira
300
_a
33
362
0
_a
2009
697
_a
*LITERATURA INFANTIL
942
_c
BK
999
_c
156336
_d
156336